000 00482nam a2200157 a 4500
001 000035893
005 20200930074711.0
008 111115s2011 dr 000 0 spa d
020 _a978994500
040 _aDO-SdBNP
_bspa
_cBNPHU
100 1 _aFranco, Ángel
_961891
245 1 0 _aPrimero el hombre heterosexual :
_bla obra que toma en cuenta al género masculino /
_cÁngel Franco.
260 _aSanto Domingo :
_bBest Print,
_c2011.
300 _a219 p. ;
_c22 cm.
049 _aBNPD
999 _c35384
_d35384